Everything is f*cked : (Record no. 368187)
[ view plain ]
| 000 -LEADER | |
|---|---|
| fixed length control field | 01029nam a22002537a 4500 |
| 003 - CONTROL NUMBER IDENTIFIER | |
| control field | 0 |
| 005 - DATE AND TIME OF LATEST TRANSACTION | |
| control field | 20251008161110.0 |
| 008 - FIXED-LENGTH DATA ELEMENTS--GENERAL INFORMATION | |
| fixed length control field | 251008b xxu||||| |||| 00| 0 eng d |
| 020 ## - INTERNATIONAL STANDARD BOOK NUMBER | |
| International Standard Book Number | 978-0-06-288846-4 |
| 050 ## - LIBRARY OF CONGRESS CALL NUMBER | |
| Classification number | BF 575.H6 |
| Item number | .M36 2019 |
| 100 ## - MAIN ENTRY--PERSONAL NAME | |
| Personal name | Manson, Mark, |
| Relator term | author. |
| 245 ## - TITLE STATEMENT | |
| Title | Everything is f*cked : |
| Remainder of title | book about hope / |
| Statement of responsibility, etc | Mark Manson. |
| 250 ## - EDITION STATEMENT | |
| Edition statement | First edition. |
| 260 ## - PUBLICATION, DISTRIBUTION, ETC. (IMPRINT) | |
| Place of publication, distribution, etc | New York : |
| Name of publisher, distributor, etc | Harper, an imprint of HarperCollins Publishers, |
| Date of publication, distribution, etc | 2019. |
| 300 ## - PHYSICAL DESCRIPTION | |
| Extent | 273 pages ; |
| Dimensions | 22 cm. |
| 500 ## - GENERAL NOTE | |
| General note | Companion to the author’s previous book, The Subtle Art of Not Giving a F*ck. |
| 504 ## - BIBLIOGRAPHY, ETC. NOTE | |
| Bibliography, etc | Includes bibliographical references. |
| 520 ## - SUMMARY, ETC. | |
| Summary, etc | The author examines the limitations of hope and human progress in the modern world, arguing that true freedom and fulfillment come from embracing life’s difficulties and finding meaning beyond positivity.<br/> |
| 650 ## - SUBJECT ADDED ENTRY--TOPICAL TERM | |
| Topical term or geographic name as entry element | Hope. |
| 650 ## - SUBJECT ADDED ENTRY--TOPICAL TERM | |
| Topical term or geographic name as entry element | Conduct of life. |
| 650 ## - SUBJECT ADDED ENTRY--TOPICAL TERM | |
| Topical term or geographic name as entry element | Self-actualization (Psychology). |
| 650 ## - SUBJECT ADDED ENTRY--TOPICAL TERM | |
| Topical term or geographic name as entry element | Motivation (Psychology). |
| 942 ## - ADDED ENTRY ELEMENTS (KOHA) | |
| Source of classification or shelving scheme | Library of Congress Classification |
| Koha item type | Books |
| Withdrawn status | Lost status | Source of classification or shelving scheme | Damaged status | Home library | Current library | Shelving location | Date acquired | Source of acquisition | Sub Shelving location | Total Checkouts | Full call number | Barcode | Date last seen | Date checked out | Price effective from | Koha item type |
|---|---|---|---|---|---|---|---|---|---|---|---|---|---|---|---|---|
| Library of Congress Classification | Luxembourg Library | Luxembourg Library | High School Section | 11/19/2024 | Library Fund | 1 | BF 575.H6 .M36 2019 | 21396 | 03/12/2026 | 11/20/2025 | 10/08/2025 | Books |